000 00508nam a2200157 i 4500
001 21816
003 ES-MaACL
005 20230906152541.0
007 t|
008 021127s1961 sp ||||1| spa d
100 1 _aAlmagro Huertas, Vicente.
_920078
245 1 3 _aLa corrosión del estaño y de la hojalata /
_cVicente Almagro Huertas.
260 _aMurcia :
_bInstituto de Orientación y Asistencia Técnica del Sureste,
_c1961.
300 _a58 p. :
_bil. ;
_c24 cm.
852 _aES-MaACL
_jC-21279
_bR.49277
999 _c21816
_d21816